000 00402nam a2200157Ia 4500
003 GCL
008 140319s9999 xx 000 0 eng d
040 _aGCL /
_cGCL
082 0 4 _a860
_bS R
100 1 _aSHAKESPEARE, WILLIAM
245 1 0 _aELREY LEAR /
_cSHAKESPEARE, WILLIAM
260 _a[S.N] :
_bA LIANZA EDITORIAL ،
_c1985
300 _a185 P
650 0 4 _aSPANISH LITERATURE
942 _2ddc
_cBK
999 _c23613
_d23613